Introduction to autonomous mobile robots / (Record no. 68288)

000 -LEADER
fixed length control field 01155cam a22003134a 4500
001 - CONTROL NUMBER
control field 13283981
003 - CONTROL NUMBER IDENTIFIER
control field NUST - PNEC
005 - DATE AND TIME OF LATEST TRANSACTION
control field 20170116181048.0
008 - FIXED-LENGTH DATA ELEMENTS--GENERAL INFORMATION
fixed length control field 030722s2004 maua b 001 0 eng
010 ## - LIBRARY OF CONGRESS CONTROL NUMBER
LC control number 2003059349
020 ## - INTERNATIONAL STANDARD BOOK NUMBER
International Standard Book Number 026219502X (hc : alk. paper)
040 ## - CATALOGING SOURCE
Original cataloging agency DLC
Transcribing agency LIBRARY
Modifying agency DLC
-- DLC
042 ## - AUTHENTICATION CODE
Authentication code pcc
050 00 - LIBRARY OF CONGRESS CALL NUMBER
Classification number TJ211.415
Item number .S54 2004
082 00 - DEWEY DECIMAL CLASSIFICATION NUMBER
Classification number 629.892 SIE
100 1# - MAIN ENTRY--PERSONAL NAME
Personal name Siegwart, Roland.
245 10 - TITLE STATEMENT
Title Introduction to autonomous mobile robots /
Statement of responsibility, etc. Roland Siegwart and Illah R. Nourbakhsh.
260 ## - PUBLICATION, DISTRIBUTION, ETC.
Place of publication, distribution, etc. Cambridge, Mass. :
Name of publisher, distributor, etc. MIT Press,
Date of publication, distribution, etc. 2004.
300 ## - PHYSICAL DESCRIPTION
Extent ix, 321 p. :
Other physical details ill. ;
Dimensions 24 cm.
440 #0 - SERIES STATEMENT/ADDED ENTRY--TITLE
Title Intelligent robots and autonomous agents
500 ## - GENERAL NOTE
General note "A Bradford book."
504 ## - BIBLIOGRAPHY, ETC. NOTE
Bibliography, etc. note Includes bibliographical references (p. [305]-315) and index.
650 #0 - SUBJECT ADDED ENTRY--TOPICAL TERM
Topical term or geographic name entry element Mobile robots.
650 #0 - SUBJECT ADDED ENTRY--TOPICAL TERM
Topical term or geographic name entry element Autonomous robots.
General subdivision ME
700 1# - ADDED ENTRY--PERSONAL NAME
Personal name Nourbakhsh, Illah Reza,
Dates associated with a name 1970-
906 ## - LOCAL DATA ELEMENT F, LDF (RLIN)
a 7
b cbc
c orignew
d 1
e ocip
f 20
g y-gencatlg
942 ## - ADDED ENTRY ELEMENTS (KOHA)
Source of classification or shelving scheme
Koha item type Book
Holdings
Withdrawn status Lost status Source of classification or shelving scheme Damaged status Not for loan Permanent Location Current Location Shelving location Date acquired Total Checkouts Full call number Barcode Date last seen Price effective from Koha item type
          Pakistan Navy Engineering College (PNEC) Pakistan Navy Engineering College (PNEC)       629.892 SIE PNECLIB-027577 09/28/2015   Book
© 2023 Central Library, National University of Sciences and Technology. All Rights Reserved.